All 10k+ cities in Europe starting with D on a map - Statistics

General Stats
  • This quiz has been taken 955 times
    921 since last reset
  • The average score is 27 of 280
Answers on the Map
Answers color-coded by a green-red scale on the quiz's map according to % correct below.
 
Answer Stats
Country Population Name % Correct
Ireland 553,165 Dublin
92%
Germany 620,523 Dusseldorf
82%
Germany 556,227 Dresden
81%
Ukraine 905,364 Donetsk
74%
Russia 46,741 Donetsk
74%
Germany 587,696 Dortmund
74%
Ukraine 980,948 Dnipropetrovsk
67%
United Kingdom 148,280 Dundee
66%
France 156,854 Dijon
65%
United Kingdom 85,300 Derry
60%
Germany 495,885 Duisburg
60%
United Kingdom 45,100 Dover
58%
United Kingdom 264,430 Derby
57%
France 86,865 Dunkirk
54%
Hungary 201,432 Debrecen
52%
United Kingdom 31,926 Deal
46%
Albania 113,249 Durrës
46%
Germany 159,174 Darmstadt
45%
United Kingdom 117,254 Doncaster
44%
United Kingdom 56,920 Durham
39%
Netherlands 221,235 Dordrecht
37%
Latvia 81,074 Daugavpils
36%
Croatia 28,434 Dubrovnik
35%
Norway 101,859 Drammen
34%
Spain 188,240 Donostia
31%
United Kingdom 26,997 Douglas
30%
United Kingdom 93,417 Darlington
28%
Germany 91,272 Düren
27%
Germany 79,354 Dessau-Roßlau
24%
United Kingdom 21,580 Dorchester (West Dorset)
24%
Spain 135,050 Dos Hermanas
24%
United Kingdom 33,290 Dumfries
24%
Germany 47,680 Dachau
23%
Netherlands 82,780 Deventer
23%
United Kingdom 85,040 Dudley
23%
Ireland 32,288 Dundalk
23%
United Kingdom 54,640 Dunfermline
22%
France 28,561 Dieppe
21%
Germany 77,503 Delmenhorst
19%
Germany 74,097 Detmold
19%
Austria 50,257 Dornbirn
19%
Ireland 29,471 Drogheda
18%
Netherlands 40,390 Den Helder
17%
Russia 126,606 Derbent
17%
United Kingdom 20,410 Dumbarton
17%
Russia 227,326 Dzerzhinsk
17%
Belarus 29,739 Dzyarzhynsk
17%
France 39,634 Douai
16%
Luxembourg 21,513 Dudelange
16%
United Kingdom 67,313 Dewsbury
15%
Bulgaria 80,936 Dobrich
15%
France 72,109 Drancy
15%
Russia 135,070 Domodedovo
13%
France 20,762 Dax
12%
Romania 92,617 Drobeta-Turnu Severin
12%
United Kingdom 24,518 Droitwich (Droitwich Spa)
12%
Poland 118,285 Dąbrowa Górnicza
11%
United Kingdom 26,090 Daventry
11%
Switzerland 10,832 Davos
11%
Germany 33,750 Deggendorf
11%
United Kingdom 30,090 Didcot
11%
Luxembourg 27,869 Differdange
11%
France 14,281 Dinan
11%
Germany 67,338 Dinslaken
11%
Russia 74,499 Dubna
11%
United Kingdom 15,950 Dungannon
11%
Spain 42,827 Dénia
10%
Netherlands 42,560 Doetinchem
10%
United Kingdom 11,340 Downpatrick
10%
United Kingdom 34,770 Dunstable
10%
Romania 61,123 Deva
9%
Germany 64,500 Dormagen
9%
Germany 20,281 Duderstadt
9%
United Kingdom 17,530 Dundonald
9%
United Kingdom 27,191 Darwen
8%
Russia 112,388 Dimitrovgrad
8%
Bulgaria 32,535 Dimitrovgrad
8%
Belgium 13,300 Dinant
8%
Germany 74,515 Dorsten
8%
Germany 17,250 Damme
7%
Belgium 10,973 Damme
7%
United Kingdom 13,493 Dawlish
7%
Netherlands 16,635 Delfzijl
7%
Belgium 46,015 Dendermonde
7%
France 10,148 Dinard
7%
United Kingdom 11,142 Diss
7%
United Kingdom 36,197 Denton
6%
Germany 19,314 Dillingen a.d. Donau
6%
Germany 19,801 Dillingen/Saar
6%
Germany 20,003 Dingolfing
6%
Germany 11,882 Dinkelsbühl
6%
France 23,770 Dole
6%
Russia 117,778 Dolgoprudny
6%
Italy 17,930 Domodossola
6%
United Kingdom 17,690 Dorking
6%
Netherlands 44,865 Drachten
6%
France 39,106 Draguignan
6%
Greece 44,823 Dráma
6%
France 30,664 Dreux
6%
Germany 34,714 Datteln
5%
Czechia 47,951 Děčín
5%
Germany 10,523 Demmin
5%
United Kingdom 21,365 Dereham
5%
United Kingdom 19,087 Devizes
5%
Russia 68,397 Dmitrov
5%
Germany 22,205 Donaueschingen
5%
Germany 19,593 Donauwörth
5%
Germany 41,996 Dreieich
5%
United Kingdom 14,330 Dalkeith
4%
Poland 45,189 Dębica
4%
Romania 33,497 Dej
4%
Germany 32,039 Delbrück
4%
Switzerland 12,618 Delémont
4%
Belgium 11,232 De Panne
4%
Netherlands 21,870 Deurne
4%
Austria 11,623 Deutschlandsberg
4%
Germany 15,537 Dieburg
4%
Germany 17,152 Diepholz
4%
France 16,333 Digne-les-Bains
4%
Netherlands 12,325 Dokkum
4%
Italy 15,046 Dolo
4%
Belgium 16,528 Dour
4%
United Kingdom 13,269 Driffield
4%
Netherlands 25,425 Dronten
4%
Germany 46,706 Dülmen
4%
Hungary 44,200 Dunaújváros
4%
Spain 30,118 Durango
4%
Poland 11,828 Dąbrowa Tarnowska
3%
Poland 13,574 Darłowo
3%
Poland 15,887 Dęblin
3%
Belgium 12,789 De Haan
3%
Belgium 43,922 Deinze
3%
Germany 24,755 Delitzsch
3%
France 19,933 Denain
3%
Italy 29,314 Desenzano del Garda
3%
Netherlands 14,430 Dieren
3%
Belgium 24,370 Diest
3%
Switzerland 28,057 Dietikon
3%
Germany 34,429 Dietzenbach
3%
Belgium 16,815 Diksmuide
3%
Germany 23,261 Dillenburg
3%
Germany 23,467 Döbeln
3%
Bosnia and Herzegovina 24,349 Doboj
3%
Czechia 11,056 Domažlice
3%
Slovenia 13,102 Domžale
3%
Spain 37,284 Don Benito
3%
Netherlands 21,575 Dongen
3%
France 14,015 Douarnenez
3%
United Kingdom 11,932 Downham Market
3%
Ukraine 74,610 Drohobych
3%
United Kingdom 20,924 Dronfield
3%
United Kingdom 24,459 Droylsden
3%
Lithuania 11,918 Druskininkai
3%
Switzerland 29,907 Dübendorf
3%
Slovakia 23,259 Dubnica nad Váhom
3%
Ukraine 37,257 Dubno
3%
Netherlands 21,960 Duiven
3%
Slovakia 22,620 Dunajská Streda
3%
Bulgaria 28,881 Dupnitsa
3%
United Kingdom 15,972 Dursley
3%
Poland 21,145 Działdowo
3%
Poland 32,869 Dzierżoniów
3%
Croatia 19,491 Đakovo
2%
Italy 23,346 Dalmine
2%
Russia 14,416 Danilov
2%
Italy 15,598 Darfo Boario Terme
2%
Netherlands 32,205 De Bilt / Bilthoven
2%
Poland 13,626 Dębno
2%
Spain 11,578 Deltebre
2%
Belgium 20,730 Denderleeuw
2%
Bosnia and Herzegovina 11,076 Derventa
2%
Italy 41,654 Desio
2%
Slovakia 14,405 Detva
2%
Netherlands 12,805 Didam
2%
Germany 11,072 Diez
2%
Belgium 43,732 Dilbeek
2%
Belgium 20,819 Dilsen-Stokkem
2%
United Kingdom 20,316 Dinnington (Rotherham)
2%
Germany 14,180 Dippoldiswalde
2%
Germany 10,242 Dissen am Teutoburger Wald
2%
United Kingdom 27,546 Ditton (/ Aylesford / East Malling)
2%
Germany 24,719 Ditzingen
2%
Poland 10,010 Dobre Miasto
2%
Slovakia 18,550 Dolný Kubín
2%
Russia 61,477 Donskoy
2%
Germany 14,790 Dorfen
2%
Denmark 12,349 Dragør
2%
Poland 11,417 Drawsko Pomorskie
2%
Germany 15,540 Drensteinfurt
2%
Netherlands 18,155 Driebergen-Rijsenburg
2%
Germany 11,039 Drochtersen
2%
Netherlands 17,895 Drunen
2%
Netherlands 13,340 Druten
2%
Ukraine 55,088 Druzhkivka
2%
Moldova 25,060 Dubăsari
2%
Belgium 17,714 Duffel
2%
Croatia 10,453 Dugo Selo
2%
Hungary 43,604 Dunakeszi
2%
Belgium 11,531 Durbuy
2%
Czechia 15,471 Dvůr Králové nad Labem
2%
Russia 52,797 Dzerzhinsky
2%
Russia 35,693 Dzhankoy
2%
Hungary 17,202 Dabas
1%
Romania 12,182 Dăbuleni
1%
Greece 22,913 Dáfni
1%
Spain 10,337 Daganzo de Arriba
1%
Russia 30,120 Dagestanskiye Ogni
1%
Spain 17,916 Daimiel
1%
Germany 10,298 Dallgow-Döberitz
1%
France 22,177 Dammarie-les-Lys
1%
France 10,196 Dammartin-en-Goële
1%
Russia 18,558 Dankov
1%
United Kingdom 21,294 Darlaston
1%
Romania 12,247 Dărmănești
1%
Germany 11,371 Dautphetal
1%
Ukraine 24,316 Debaltseve
1%
North Macedonia 15,700 Debar
1%
France 28,604 Décines-Charpieu
1%
Netherlands 10,520 Dedemsvaart
1%
Russia 30,645 Dedovsk
1%
Belgium 12,182 Deerlijk
1%
North Macedonia 10,190 Delčevo
1%
Netherlands 10,710 De Lier
1%
Germany 11,207 Denkendorf
1%
Germany 13,585 Denzlingen
1%
Belgium 10,990 De Pinte
1%
Ukraine 17,433 Derhachi
1%
United Kingdom 11,548 Desborough
1%
Russia 27,051 Desnogorsk
1%
Belgium 18,683 Destelbergen
1%
France 22,165 Deuil-la-Barre
1%
France 10,461 Déville-lès-Rouen
1%
Germany 10,612 Diedorf
1%
Belgium 19,157 Diepenbeek
1%
Germany 10,546 Dießen am Ammersee
1%
Russia 10,166 Digora
1%
Germany 13,158 Dinklage
1%
Hungary 10,776 Diósd
1%
Belgium 15,131 Dison
1%
Moldova 10,436 Dnestrovsk
1%
Ukraine 18,036 Dniprorudne
1%
Ukraine 28,757 Dobropillia
1%
Belarus 18,311 Dobrush
1%
Russia 31,825 Dobryanka
1%
Ukraine 22,907 Dokuchaievsk
1%
Romania 10,298 Dolhasca
1%
Ukraine 20,641 Dolyna
1%
Ukraine 18,460 Dolynska
1%
Hungary 18,019 Dombóvár
1%
France 15,418 Domont
1%
Germany 10,587 Donzdorf
1%
Hungary 11,530 Dorog
1%
Romania 24,309 Dorohoi
1%
Germany 12,574 Dossenheim
1%
France 10,311 Douchy-les-Mines
1%
France 11,100 Doué-en-Anjou
1%
France 10,559 Dourdan
1%
Ukraine 62,993 Dovzhansk (Sverdlovsk)
1%
Romania 10,894 Drăgănești-Olt
1%
Romania 17,871 Drăgășani
1%
Belarus 14,963 Drahichyn
1%
Greece 13,968 Drapetsóna
1%
France 28,741 Draveil
1%
Russia 11,294 Drezna
1%
Moldova 13,150 Drochia
1%
Germany 11,640 Drolshagen
1%
Russia 13,442 Dubovka
1%
Italy 13,849 Dueville
1%
France 10,757 Dugny
1%
United Kingdom 21,195 Dukinfield
1%
Hungary 22,558 Dunaharaszti
1%
Ukraine 15,799 Dunaivtsi
1%
Moldova 17,210 Durlești
1%
Germany 12,112 Durmersheim
1%
Russia 25,839 Dyatkovo
1%
Russia 31,217 Dyurtyuli
1%
Russia 22,971 Davlekanovo
0%
Russia 12,666 Drozhzhino
0%
United Kingdom 14,253 Dunscroft (Hatfield)
0%
Russia 12,546 Dzhalil
0%
No matching quizzes found
Score Distribution
Percent of People with Each Score
Percentile by Number Answered
Your Score History
You have not taken this quiz since the last reset